Die 10 Länder mit dem größten GDP in Asien - Statistiken

Allgemein
  • Dieses Quiz wurde 154 mal gespielt
  • Das Durchschnittsergebnis liegt bei 9 aus 10
Antwortstatistiken
GDP in Millionen US-Dollar Land % Korrekt
11.951.562 China
100%
2.611.012 Indien
99%
1.010.937 Indonesien
98%
4.872.135 Japan
98%
1.538.030 Südkorea
93%
455.378 Thailand
87%
683.827 Saudi-Arabien
84%
431.920 Iran
83%
579.302 Taiwan
67%
377.435 Vereinigte Arabische Emirate
64%
Keine übereinstimmenden Quizze gefunden
Verteilung der Resultate
Anzahl Personen mit jedem Resultat
Perzentil nach korrekt beantworteten Fragen
Ihre Resultats-Entwicklung
Sie haben dieses Quiz noch nicht gespielt